| 000 -LEADER |
| fixed length control field |
00499nam a2200157Ia 4500 |
| 008 - FIXED-LENGTH DATA ELEMENTS--GENERAL INFORMATION |
| fixed length control field |
190805s9999||||xx |||||||||||||| ||und|| |
| 020 ## - INTERNATIONAL STANDARD BOOK NUMBER |
| International Standard Book Number |
9781870077842 |
| Terms of availability |
£ 50.00 |
| 082 04 - DEWEY DECIMAL CLASSIFICATION NUMBER |
| Classification number |
623.8829 |
| Item number |
B987 |
| 100 1# - MAIN ENTRY--PERSONAL NAME |
| Personal name |
Buysee, J. |
| 245 10 - TITLE STATEMENT |
| Title |
Handling Ships in Ice: a practical guide to handling class 1A and 1AS ships / |
| 260 ## - PUBLICATION, DISTRIBUTION, ETC. (IMPRINT) |
| Place of publication, distribution, etc |
London : |
| Name of publisher, distributor, etc |
The Nautical Institute, |
| Date of publication, distribution, etc |
2007 |
| 300 ## - PHYSICAL DESCRIPTION |
| Extent |
vii, 168 p. |
| Other physical details |
: col. Ill. |
| Dimensions |
; 30 cm. |
| 650 #0 - SUBJECT ADDED ENTRY--TOPICAL TERM |
| Topical term or geographic name as entry element |
Ice navigation |
| 852 ## - LOCATION/CALL NUMBER |
| Location |
|
| 942 ## - ADDED ENTRY ELEMENTS (KOHA) |
| Item type |
Books |